Paesi Europei Con La Più Alta Popolazione - Statistics

General Stats
  • This quiz has been taken 34 times
  • The average score is 4 of 5
Answer Stats
Popolazione Paese % Correct
68 million Francia
97%
84 million Germania
94%
144 million Russia
91%
69 million Regno Unito
69%
83 million Turchia
50%
No matching quizzes found
Score Distribution
Percent of People with Each Score
Percentile by Number Answered
Your Score History
You have not taken this quiz